[Event "Kupreichik Memorial Open 2018"]
[Site "Minsk"]
[Date "2018.06.23"]
[Round "10"]
[White "Stsepkina, Yauheniya"]
[Black "Rybakova, Polina"]
[Result "1/2-1/2"]
[WhiteElo "1591"]
[BlackElo "1826"]
[Annotator "NA"]
[PlyCount "87"]
[EventDate "2018.06.21"]
[EventCountry "BLR"]
[SourceTitle "playchess.com"]
[Source "ChessBase"]
[SourceQuality "1"]
[TimeControl "900+10"]

1. d4 {[%emt 0:00:00]} Nf6 {[%emt 0:00:03]} 2. c4 {[%emt 0:00:00]} g6 {[%emt 0:00:00]} 3. Nc3 {[%emt 0:00:00]} Bg7 {[%emt 0:00:01]} 4. e4 {[%emt 0:00:00]} d6 {[%emt 0:00:01]} 5. f3 {[%emt 0:00:00]} c6 {[%emt 0:00:13]} 6. Be3 {[%emt 0:00:02]} a6 {[%emt 0:00:09]} 7. Qd2 {[%emt 0:00:40]} b5 {[%emt 0:00:07]} 8. Bd3 {[%emt 0:00:38]} Nbd7 {[%emt 0:00:40]} 9. Nge2 {[%emt 0:00:22]} Nb6 {[%emt 0:00:21]} 10. cxb5 {[%emt 0:01:38]} cxb5 {[%emt 0:00:20]} 11. b3 {[%emt 0:00:23]} Bd7 {[%emt 0:00:47]} 12. O-O {[%emt 0:00:26]} O-O {[%emt 0:00:04]} 13. Rac1 {[%emt 0:00:26]} b4 {[%emt 0:00:26]} 14. Nd1 {[%emt 0:00:20]} a5 {[%emt 0:00:02]} 15. Nb2 {[%emt 0:00:08]} d5 {[%emt 0:00:45]} 16. e5 {[%emt 0:00:24]} Ne8 {[%emt 0:00:12]} 17. Ng3 {[%emt 0:00:02]} Nc7 {[%emt 0:00:47]} 18. f4 {[%emt 0:00:08]} e6 {[%emt 0:00:17]} 19. Rc2 {[%emt 0:01:21]} Nb5 {[%emt 0:02:01]} 20. Rfc1 {[%emt 0:00:18]} Rc8 {[%emt 0:02:03]} 21. Rxc8 {[%emt 0:00:21]} Nxc8 {[%emt 0:00:02]} 22. Na4 {[%emt 0:00:12]} Nca7 {[%emt 0:01:33]} 23. Nc5 {[%emt 0:01:04]} Nc3 {[%emt 0:00:17]} 24. a3 {[%emt 0:03:24]} Bb5 {[%emt 0:02:06]} 25. axb4 {[%emt 0:01:00]} axb4 {[%emt 0:00:17]} 26. Ra1 {[%emt 0:02:42]} Bxd3 {[%emt 0:00:18]} 27. Rxa7 {[%emt 0:01:26]} Bb5 {[%emt 0:00:47]} 28. Rb7 {[%emt 0:00:02]} Qa5 {[%emt 0:00:52]} 29. f5 {[%emt 0:02:04]} gxf5 {[%emt 0:00:54]} 30. Nxe6 {[%emt 0:00:15]} fxe6 {[%emt 0:00:53]} 31. Rxg7+ {[%emt 0:00:09]} Kxg7 {[%emt 0:00:02]} 32. Bh6+ {[%emt 0:00:02]} Kf7 {[%emt 0:01:17]} 33. Bxf8 {[%emt 0:00:13]} Kxf8 {[%emt 0:01:16]} 34. Qh6+ {[%emt 0:00:02]} Ke7 {[%emt 0:00:10]} 35. Qxh7+ {[%emt 0:00:07]} Kd8 {[%emt 0:00:09]} 36. Qg8+ {[%emt 0:00:05]} Be8 {[%emt 0:00:10]} 37. Qxe6 {[%emt 0:00:18]} Qa1+ {[%emt 0:00:14]} 38. Nf1 {[%emt 0:00:04]} Ne2+ {[%emt 0:00:35]} 39. Kf2 {[%emt 0:00:02]} Qxd4+ {[%emt 0:00:14]} 40. Kxe2 {[%emt 0:00:12]} Bb5+ {[%emt 0:00:08]} 41. Ke1 {[%emt 0:00:07]} Qc3+ {[%emt 0:00:14]} 42. Kf2 {[%emt 0:00:19]} Qd4+ {[%emt 0:00:04]} 43. Ke1 {[%emt 0:00:25]} Qc3+ {[%emt 0:00:14]} 44. Kf2 {[%emt 0:00:07]} 1/2-1/2

[Event "Kupreichik Memorial Open 2018"]
[Site "Minsk"]
[Date "2018.06.23"]
[Round "10"]
[White "Drobyshevsky, Vasily"]
[Black "Bezenson, Anton"]
[Result "0-1"]
[WhiteElo "1551"]
[BlackElo "1732"]
[Annotator "NA"]
[PlyCount "66"]
[EventDate "2018.06.21"]
[EventCountry "BLR"]
[SourceTitle "playchess.com"]
[Source "ChessBase"]
[SourceQuality "1"]
[TimeControl "900+10"]

1. c4 {[%emt 0:00:00]} Nf6 {[%emt 0:00:01]} 2. Nc3 {[%emt 0:00:00]} c5 {[%emt 0:00:20]} 3. e3 {[%emt 0:00:00]} d5 {[%emt 0:00:01]} 4. d4 {[%emt 0:00:00]} cxd4 {[%emt 0:00:06]} 5. exd4 {[%emt 0:00:00]} g6 {[%emt 0:00:14]} 6. Nf3 {[%emt 0:00:00]} Bg7 {[%emt 0:00:01]} 7. Be2 {[%emt 0:00:25]} O-O {[%emt 0:00:15]} 8. O-O {[%emt 0:00:05]} Nc6 {[%emt 0:00:14]} 9. c5 {[%emt 0:00:02]} Ne4 {[%emt 0:00:25]} 10. Bb5 {[%emt 0:00:52]} Bg4 {[%emt 0:01:18]} 11. Bxc6 {[%emt 0:00:06]} bxc6 {[%emt 0:00:07]} 12. Be3 {[%emt 0:00:15]} Rb8 {[%emt 0:00:12]} 13. Rb1 {[%emt 0:03:45]} Nxc3 {[%emt 0:01:56]} 14. bxc3 {[%emt 0:00:06]} Qa5 {[%emt 0:00:03]} 15. Qd2 {[%emt 0:01:17]} Bf5 {[%emt 0:01:54]} 16. Rxb8 {[%emt 0:00:10]} Rxb8 {[%emt 0:00:02]} 17. Bf4 {[%emt 0:00:27]} Rb7 {[%emt 0:03:17]} 18. Ne5 {[%emt 0:00:37]} Bxe5 {[%emt 0:01:01]} 19. Bxe5 {[%emt 0:00:09]} f6 {[%emt 0:00:01]} 20. Bg3 {[%emt 0:00:03]} Qa3 {[%emt 0:02:21]} 21. Re1 {[%emt 0:01:07]} e6 {[%emt 0:00:41]} 22. Bd6 {[%emt 0:00:20]} Kg7 {[%emt 0:00:12]} 23. h3 {[%emt 0:00:44]} h5 {[%emt 0:01:03]} 24. Qf4 {[%emt 0:04:13]} Qxc3 {[%emt 0:00:26]} 25. Re3 {[%emt 0:00:05]} Qc1+ {[%emt 0:00:08]} 26. Kh2 {[%emt 0:00:03]} Rb1 {[%emt 0:00:04]} 27. Bc7 {[%emt 0:00:58]} g5 {[%emt 0:01:20]} 28. Qd6 {[%emt 0:00:23]} Qg1+ {[%emt 0:00:22]} 29. Kg3 {[%emt 0:00:04]} h4+ {[%emt 0:00:05]} 30. Kf3 {[%emt 0:00:05]} Qd1+ {[%emt 0:00:12]} 31. Re2 {[%emt 0:00:10]} Be4+ {[%emt 0:00:13]} 32. Kg4 {[%emt 0:01:50]} Qxe2+ {[%emt 0:00:02]} 33. f3 {[%emt 0:00:01]} Qxg2+ 0-1

[Event "Kupreichik Memorial Open 2018"]
[Site "Minsk"]
[Date "2018.06.23"]
[Round "10"]
[White "Ivanytska, Liudmyla"]
[Black "Boiko, Aleksei"]
[Result "0-1"]
[WhiteElo "1545"]
[BlackElo "1611"]
[Annotator "NA"]
[PlyCount "72"]
[EventDate "2018.06.21"]
[EventCountry "BLR"]
[SourceTitle "playchess.com"]
[Source "ChessBase"]
[SourceQuality "1"]
[TimeControl "900+10"]

1. e4 {[%emt 0:00:00]} Nf6 {[%emt 0:00:02]} 2. e5 {[%emt 0:00:00]} Nd5 {[%emt 0:00:01]} 3. c4 {[%emt 0:00:00]} Nb6 {[%emt 0:00:01]} 4. d4 {[%emt 0:00:00]} d6 {[%emt 0:00:01]} 5. exd6 {[%emt 0:00:18]} exd6 {[%emt 0:00:01]} 6. h3 {[%emt 0:00:06]} Bf5 {[%emt 0:00:09]} 7. Nf3 {[%emt 0:00:02]} Be7 {[%emt 0:00:02]} 8. Be2 {[%emt 0:00:04]} O-O {[%emt 0:00:03]} 9. O-O {[%emt 0:00:03]} Nc6 {[%emt 0:00:02]} 10. Be3 {[%emt 0:00:06]} Re8 {[%emt 0:00:08]} 11. a3 {[%emt 0:00:01]} a5 {[%emt 0:00:45]} 12. d5 {[%emt 0:00:13]} Ne5 {[%emt 0:00:01]} 13. Nxe5 {[%emt 0:00:06]} dxe5 {[%emt 0:00:02]} 14. Nd2 {[%emt 0:00:10]} Bf6 {[%emt 0:00:39]} 15. Bxb6 {[%emt 0:00:30]} cxb6 {[%emt 0:00:01]} 16. Qb3 {[%emt 0:00:03]} a4 {[%emt 0:00:20]} 17. Qe3 {[%emt 0:00:18]} e4 {[%emt 0:00:18]} 18. Ra2 {[%emt 0:00:13]} b5 {[%emt 0:00:20]} 19. b4 {[%emt 0:00:25]} axb3 {[%emt 0:00:26]} 20. Nxb3 {[%emt 0:00:03]} bxc4 {[%emt 0:00:15]} 21. Bxc4 {[%emt 0:00:03]} Qd6 {[%emt 0:01:14]} 22. Nd2 {[%emt 0:00:52]} b5 {[%emt 0:01:03]} 23. Bxb5 {[%emt 0:00:52]} Qxd5 {[%emt 0:00:01]} 24. Bc4 {[%emt 0:00:02]} Qd4 {[%emt 0:00:08]} 25. Qxd4 {[%emt 0:00:09]} Bxd4 {[%emt 0:00:01]} 26. Nb3 {[%emt 0:00:04]} Bb6 {[%emt 0:00:14]} 27. a4 {[%emt 0:00:01]} Be6 {[%emt 0:01:55]} 28. Bxe6 {[%emt 0:00:07]} Rxe6 {[%emt 0:00:01]} 29. a5 {[%emt 0:00:00]} Ba7 {[%emt 0:00:06]} 30. Rc2 {[%emt 0:00:29]} e3 {[%emt 0:00:23]} 31. fxe3 {[%emt 0:00:03]} Rxe3 {[%emt 0:00:02]} 32. Na1 {[%emt 0:00:39]} Rxh3+ {[%emt 0:00:02]} 33. Rff2 {[%emt 0:00:07]} Ra3 {[%emt 0:00:11]} 34. Rc1 {[%emt 0:00:16]} g6 {[%emt 0:00:15]} 35. Rcf1 {[%emt 0:00:07]} Bxf2+ {[%emt 0:00:09]} 36. Kxf2 {[%emt 0:00:02]} R8xa5 {[%emt 0:00:02]} 0-1

[Event "Kupreichik Memorial Open 2018"]
[Site "Minsk"]
[Date "2018.06.23"]
[Round "11"]
[White "Mamedov, Rauf"]
[Black "Arzumanian, Georgy"]
[Result "1-0"]
[WhiteElo "2708"]
[BlackElo "2474"]
[Annotator "TA"]
[PlyCount "43"]
[EventDate "2018.06.21"]
[EventCountry "BLR"]
[SourceTitle "playchess.com"]
[Source "ChessBase"]
[SourceQuality "1"]

{[%evp 21,43,0,29,0,0,0,2,3,47,15,1,0,6,-27,21,6,14,13,154,132,203,128,695,702]} 1. e4 d6 2. d4 Nf6 3. Nc3 e5 4. Nf3 Nbd7 5. Bc4 Be7 6. O-O O-O 7. Re1 c6 8. a4 a5 9. Ba2 exd4 10. Nxd4 Nc5 11. Qf3 {C41: Philidor Defence} (11. Bf4 Re8 12. h3 Bf8 13. Qf3 Qb6 14. Bg5 Ncd7 15. Nf5 Ne5 16. Qe3 Qxe3 17. Nxe3 Ned7 18. Nc4 h6 {1-0 (57) Yu,Y (2760)-Gorovets,A (2496) chess.com INT 2018}) 11... Be6 {LiveBook: 6 Games} (11... Qb6 {looks sharper.} 12. h3 Be6 13. Rd1 Rae8 14. Bf4 Qb4) 12. Be3 Bxa2 $146 ({Predecessor:} 12... Nfd7 13. Nf5 Bxf5 14. Qxf5 Bf6 15. Rad1 Qe7 16. Bf4 Ne5 17. Qh5 Rad8 18. Bg3 Ng6 {1-0 (43) Mamedov,R (2409)-Remoli Sargues,F (2053) Aviles 2003}) 13. Rxa2 {The position is equal.} g6 14. Raa1 Nfd7 15. Rad1 Re8 16. Qg3 Bf6 17. Nf5 {[%cal Bd4f5,Bf5h6,Bh6f7,Bf7d6][%mdl 32]} Be5 (17... Bxc3 $5 18. Nh6+ (18. bxc3 Nxe4 19. Nh6+ Kf8 $15) 18... Kf8 19. bxc3 Nxe4 $15) 18. Nh6+ Kg7 19. Qh3 $36 {[%mdl 2048] White is pushing.} Bxc3 (19... Qe7 $11 {remains equal.}) 20. bxc3 $16 {Hoping for Nxf7!} Nxe4 {[#]} 21. Nxf7 $1 {[%mdl 512]} Qe7 $2 {[%mdl 8192] [#]} (21... Qc7 $16) (21... Kxf7 22. Qxh7+) 22. Nxd6 $1 {[%mdl 512]} 1-0

[Event "Kupreichik Memorial Open 2018"]
[Site "Minsk"]
[Date "2018.06.23"]
[Round "11"]
[White "Korobov, Anton"]
[Black "Meshkov, Yuri A"]
[Result "1-0"]
[WhiteElo "2667"]
[BlackElo "2322"]
[Annotator "TA"]
[PlyCount "55"]
[EventDate "2018.06.21"]
[EventCountry "BLR"]
[SourceTitle "playchess.com"]
[Source "ChessBase"]
[SourceQuality "1"]

{[%evp 12,54,49,58,49,32,49,44,50,50,47,41,62,62,56,50,42,40,83,85,123,119,161,159,191,187,187,174,233,244,280,265,276,279,254,280,416,404,419,408,616,-122,607,604,29999]} 1. d4 Nf6 2. c4 d6 3. Nf3 g6 4. Nc3 Bf5 5. h3 Bg7 6. g4 {E61: Königsindisch (Abweichungen der Hauptvariante)} Bd7 (6... Bc8 7. Bg2 O-O 8. Bf4 c5 9. dxc5 dxc5 10. Qxd8 Rxd8 11. Ne5 Ne8 12. O-O f6 13. Nd3 {1-0 (26) Korobov,A (2750)-Moussard,J (2598) Schifflange 2017}) 7. Bg2 {LiveBook: 9 Partien} Nc6 8. O-O {Weiß steht etwas besser.} a6 $146 ({Vorgänger:} 8... Qc8 9. Kh2 h5 10. g5 Nh7 11. e4 e5 12. Be3 O-O 13. Nd5 {0-1 (41) Zhukova,N (2471)-Glek,I (2571) playchess.com INT 2004}) 9. d5 Na5 10. Qd3 {Droht b4 und aus.} c5 11. e4 h5 12. g5 $36 {[%mdl 2048] Weiss hat Initiative.} Nh7 13. Bf4 b5 14. b3 b4 15. Ne2 Qc8 16. Kh2 Nb7 ({Nicht} 16... Bxa1 17. Rxa1 Nb7 18. Ng3 $11) 17. e5 Bf5 {[#]} 18. Qe3 $1 {Droht stark exd6.} O-O 19. Ng3 a5 (19... Re8 {war einen Versuch wert.} 20. Nxf5 gxf5) 20. Rae1 $18 a4 21. Nh4 Bc2 22. Rc1 axb3 23. axb3 dxe5 (23... Ra2 {ist wohl besser.}) 24. Bxe5 Bxe5 25. Qxe5 ({Weniger gut wäre} 25. Rxc2 Bd4 $14) 25... Bxb3 {[#]} (25... Qb8 $142 26. Qxb8 Rfxb8) 26. Nxh5 $2 (26. Nhf5 $1 $18 {[%mdl 512]} gxf5 27. Nxf5 Qxf5 28. Qxf5) 26... gxh5 $4 {[%mdl 8192]} (26... Qb8 $17 27. d6 Qxd6) 27. Nf5 {[%cal Rf5e7]} Qb8 28. Nxe7# {Precision: Weiß = 81%, Schwarz = 23%.} 1-0

[Event "Kupreichik Memorial Open 2018"]
[Site "Minsk"]
[Date "2018.06.23"]
[Round "11"]
[White "Kovalev, Vladislav"]
[Black "Meskovs, Nikita"]
[Result "1/2-1/2"]
[WhiteElo "2650"]
[BlackElo "2515"]
[Annotator "TA"]
[PlyCount "84"]
[EventDate "2018.06.21"]
[EventCountry "BLR"]
[SourceTitle "playchess.com"]
[Source "ChessBase"]
[SourceQuality "1"]

{[%evp 25,84,0,0,0,-1,-34,-50,-61,0,-4,0,0,0,0,0,0,0,-5,-1,-1,0,0,0,-40,0,0,0,0,16,0,15,0,0,6,116,37,32,43,100,14,24,16,15,0,23,0,10,0,0,0,0,0,0,0,0,0,0,0,0,0,0]} 1. e4 e5 2. Nf3 Nc6 3. Bb5 {[%cal Bf1b5,Bb5a4,Ba4b3][%mdl 32]} a6 4. Ba4 Nf6 5. O-O Nxe4 6. d4 b5 7. Bb3 d5 8. dxe5 Be6 9. Qe2 Nc5 10. Rd1 Nxb3 11. axb3 Be7 12. c4 b4 {C81: Spanische Partie (Offene Verteidigung/Keres System)} 13. cxd5 Bxd5 {LiveBook: 4 Partien} 14. Nbd2 {[%cal Bb1d2,Bd2e4,Be4c5][%mdl 32]} (14. Qd3) 14... O-O $146 ({Vorgänger:} 14... Qc8 15. Nc4 Qe6 16. Bg5 O-O 17. Bxe7 Nxe7 18. Nd4 Qg6 19. Ne3 Bb7 20. Rac1 {0-1 (27) Melamed,T (2326)-Haba,P (2441) Germany 2017}) 15. Ne4 Qd7 16. Bg5 Rfd8 (16... Rad8 $15) 17. Rac1 $11 Qe6 18. Bxe7 Nxe7 19. Nc5 Qg4 20. h3 Bxf3 21. Qxf3 Qxf3 22. gxf3 Rxd1+ 23. Rxd1 {[%mdl 4096] Endspiel KTS-KTS} Ng6 24. Nd7 Re8 25. Rd4 a5 26. f4 Nh4 27. Kf1 h5 28. Rc4 Rd8 29. Rxc7 Nf3 {[#]} (29... Ng6 $11) 30. Kg2 (30. Ke2 $1 $16 {[%cal Re2f3]} Ng1+ 31. Ke3) 30... Nd4 $14 31. Nc5 Nf5 ({Lieber} 31... Kf8 $14) 32. Ne4 (32. Ra7 $16) 32... Nh4+ $1 $11 33. Kg3 Nf5+ 34. Kg2 Nh4+ $1 35. Kg3 Nf5+ {Die Stellung ist ausgeglichen.} 36. Kf3 Nd4+ 37. Ke3 {[#] Und Sd6 würde nun gewinnen.} Nf5+ 38. Kf3 Nd4+ 39. Kg3 Ne2+ 40. Kf3 Nd4+ 41. Kg3 Ne2+ 42. Kf3 Nd4+ {Precision: Weiß = 49%, Schwarz = 57%.} 1/2-1/2

[Event "Kupreichik Memorial Open 2018"]
[Site "Minsk"]
[Date "2018.06.23"]
[Round "11"]
[White "Fedorov, Alexei"]
[Black "Andreikin, Dmitry"]
[Result "1-0"]
[WhiteElo "2572"]
[BlackElo "2702"]
[Annotator "TA"]
[PlyCount "107"]
[EventDate "2018.06.21"]
[EventCountry "BLR"]
[SourceTitle "playchess.com"]
[Source "ChessBase"]
[SourceQuality "1"]

{[%evp 15,107,-2,0,-2,17,17,22,14,22,18,42,-12,-17,-17,-25,-58,-37,-50,-44,-66,-62,-145,-126,-133,-129,-129,-116,-113,-97,-124,-17,-16,-30,-48,-72,-54,0,0,27,33,51,49,56,32,15,8,10,8,8,19,323,310,320,327,320,325,311,308,259,262,484,370,395,285,821,833,944,1053,1052,1037,1016,1019,1024,1009,1745,1715,1800,12807,12815,12818,12818,12753,5179,5124,12795,12793,6939,6831,6634,6213,6793,6634,5162,5349]} 1. e4 e6 2. Qe2 c5 3. f4 d5 4. d3 Nc6 5. Nf3 Nf6 6. g3 Be7 7. Bg2 {C00: French: Unusual White 2nd moves} O-O 8. O-O b5 {LiveBook: 3 Games} 9. e5 {The position is equal.} Ne8 10. c3 $146 ({Predecessor:} 10. a4 b4 11. Be3 Nc7 12. Nbd2 Na5 13. Nb3 Na6 14. Qf2 Qc7 15. Rfc1 Bb7 16. h4 Rac8 17. Kh2 Nb8 18. Qe2 Nd7 19. Nxa5 Qxa5 20. b3 Ba6 21. Qd1 {½-½ (21) Persson,M (2312)-Andersen,A (2161) Norway 2017}) 10... Nc7 11. Be3 a5 12. Qf2 c4 13. d4 ({White should try} 13. Rd1 $14) 13... b4 $11 14. g4 Rb8 15. Bh3 bxc3 16. bxc3 a4 17. f5 f6 18. Nbd2 (18. exf6 $1 $15 Bxf6 19. Bf4 exf5 20. gxf5) 18... Rb2 19. exf6 Rxf6 {[%cal Re6f5]} 20. g5 {[%cal Bg4g5,Bg5g6,Bg6h7][%mdl 32]} Rxf5 21. Bxf5 exf5 22. g6 Ne6 ({Black should play} 22... hxg6 $17 {And now ...g5 would win.} 23. Rfb1 a3) 23. gxh7+ $1 Kh8 $1 {...f4 is the strong threat.} 24. Qg2 f4 25. Bf2 Qe8 (25... Nf8 $15) 26. Bh4 $1 g5 (26... Bf8 {with more complications.} 27. Kh1 Qh5 28. Rab1 Rxa2 29. Rb6 Bd7) 27. Bxg5 Bxg5 28. Nxg5 Rxd2 $1 29. Qxd2 Nxg5 30. Rxf4 Qg6 {Strongly threatening ...Nf3+.} 31. Rf8+ Kxh7 32. Qg2 Bf5 $2 {[%mdl 8192] [#]} (32... Bh3 $1 $11 33. Qg3 Kg7) 33. Qg3 $1 $18 {[%cal Rg3h4] Threatens to win with Qh4+.} Ne4 34. Qxg6+ Kxg6 {[#]} 35. Rf1 $1 {[%cal Rf1f5]} Ne7 36. Re8 Nc6 37. Rf3 Nf6 $2 (37... Nd2 {might work better.} 38. Rg3+ Kf7) 38. Ra8 Ne7 39. Rxa4 Bd3 $2 (39... Bg4) 40. Ra6 {White is clearly winning.} Nf5 41. a4 Kg5 42. Ra8 Be4 43. Rh3 Kg4 44. Rah8 Bd3 45. a5 Ne4 46. a6 Ng5 47. a7 Nxh3+ {[#]} 48. Rxh3 $1 {[%mdl 512]} Kxh3 49. a8=Q Be4 50. Qg8 Kh4 51. Qg6 Bd3 52. Qh7+ Kg4 53. Qg8+ Kf4 54. Qxd5 {Precision: White = 69%, Black = 46%.} 1-0

[Event "Kupreichik Memorial Open 2018"]
[Site "Minsk"]
[Date "2018.06.23"]
[Round "11"]
[White "Zarubitski, Viachaslau"]
[Black "Notkin, Maksim"]
[Result "1/2-1/2"]
[WhiteElo "2412"]
[BlackElo "2449"]
[Annotator "TA"]
[PlyCount "45"]
[EventDate "2018.06.21"]
[EventCountry "BLR"]
[SourceTitle "playchess.com"]
[Source "ChessBase"]
[SourceQuality "1"]

{[%evp 24,25,26,25]} 1. e4 e5 2. Nf3 Nc6 3. Bb5 a6 4. Ba4 Nf6 5. O-O Be7 6. Re1 b5 7. Bb3 d6 8. c3 O-O 9. h3 Nb8 10. d4 Nbd7 11. Nbd2 Bb7 12. Bc2 Re8 13. Nf1 {[#]} {Predecessor:} Bf8 $146 14. Ng3 g6 15. a4 Nb6 16. axb5 axb5 17. Bg5 Bg7 18. Bd3 Rxa1 19. Qxa1 c6 20. Be3 Qc7 21. dxe5 dxe5 22. Qc1 Bc8 23. Qc2 {½-½ (32) Anand,V (2767)-Carlsen,M (2834) Wijk aan Zee 2018} 1/2-1/2

[Event "Kupreichik Memorial Open 2018"]
[Site "Minsk"]
[Date "2018.06.23"]
[Round "11"]
[White "Bernotas, Arturs"]
[Black "Cherepov, Alexej"]
[Result "1-0"]
[WhiteElo "2407"]
[BlackElo "2175"]
[Annotator "NA"]
[PlyCount "65"]
[EventDate "2018.06.21"]
[EventCountry "BLR"]
[SourceTitle "playchess.com"]
[Source "ChessBase"]
[SourceQuality "1"]
[TimeControl "900+10"]

1. e4 {[%emt 0:02:53]} e5 {[%emt 0:00:07]} 2. Nf3 {[%emt 0:00:04]} Nc6 {[%emt 0:00:10]} 3. d4 {[%emt 0:00:03]} exd4 {[%emt 0:00:07]} 4. Nxd4 {[%emt 0:00:04]} Bc5 {[%emt 0:00:16]} 5. Be3 {[%emt 0:00:05]} Qf6 {[%emt 0:00:01]} 6. c3 {[%emt 0:00:03]} Nge7 {[%emt 0:00:02]} 7. g3 {[%emt 0:00:03]} O-O {[%emt 0:01:12]} 8. Bg2 {[%emt 0:00:04]} Ne5 {[%emt 0:00:55]} 9. O-O {[%emt 0:00:22]} d6 {[%emt 0:00:12]} 10. h3 {[%emt 0:00:23]} Nc4 {[%emt 0:00:50]} 11. Bc1 {[%emt 0:00:47]} Nc6 {[%emt 0:01:24]} 12. Qe2 {[%emt 0:00:21]} N4e5 {[%emt 0:01:40]} 13. Be3 {[%emt 0:00:18]} Bb6 {[%emt 0:00:19]} 14. Nd2 {[%emt 0:00:22]} Bd7 {[%emt 0:00:10]} 15. a4 {[%emt 0:01:36]} Rfe8 {[%emt 0:02:32]} 16. f4 {[%emt 0:01:01]} Ng6 {[%emt 0:00:15]} 17. Qf2 {[%emt 0:00:05]} Nxd4 {[%emt 0:01:46]} 18. cxd4 {[%emt 0:00:14]} c6 {[%emt 0:00:00]} 19. f5 {[%emt 0:01:03]} Nf8 {[%emt 0:00:21]} 20. g4 {[%emt 0:00:37]} h6 {[%emt 0:00:03]} 21. h4 {[%emt 0:00:20]} Nh7 {[%emt 0:01:54]} 22. Kh2 {[%emt 0:03:26]} Qe7 {[%emt 0:01:17]} 23. a5 {[%emt 0:00:58]} Bc7 {[%emt 0:00:07]} 24. Bf4 {[%emt 0:00:05]} b6 {[%emt 0:00:42]} 25. a6 {[%emt 0:00:10]} b5 {[%emt 0:00:06]} 26. Rae1 {[%emt 0:00:36]} f6 {[%emt 0:00:30]} 27. Nf3 {[%emt 0:00:14]} Bc8 {[%emt 0:00:19]} 28. e5 {[%emt 0:00:27]} dxe5 {[%emt 0:00:17]} 29. dxe5 {[%emt 0:00:03]} Bxa6 {[%emt 0:00:18]} 30. Kh3 {[%emt 0:00:17]} Bb6 {[%emt 0:00:45]} 31. Qg3 {[%emt 0:00:04]} fxe5 {[%emt 0:00:18]} 32. Nxe5 {[%emt 0:00:12]} Bb7 {[%emt 0:00:40]} 33. Qb3+ {[%emt 0:00:06]} 1-0

[Event "Kupreichik Memorial Open 2018"]
[Site "Minsk"]
[Date "2018.06.23"]
[Round "11"]
[White "Nikitenko, Mihail"]
[Black "Nigmatov, Ortik"]
[Result "0-1"]
[WhiteElo "2371"]
[BlackElo "2461"]
[Annotator "TA"]
[PlyCount "120"]
[EventDate "2018.06.21"]
[EventCountry "BLR"]
[SourceTitle "playchess.com"]
[Source "ChessBase"]
[SourceQuality "1"]

{[%evp 15,120,13,24,10,7,14,14,0,0,0,0,-12,19,23,47,56,46,25,46,-31,22,6,11,3,8,11,14,-6,0,20,14,0,72,68,78,117,86,45,70,44,152,147,139,54,53,29,102,106,100,110,154,163,163,158,156,156,155,160,150,135,200,200,200,186,186,186,207,209,227,187,213,179,179,161,174,83,92,48,62,0,0,0,0,-59,-57,-154,-146,-188,-184,-160,-99,-85,-88,-85,0,-8,-15,-25,0,0,0,0,0,-45,-98,-98,0]} 1. e4 c5 2. Nf3 e6 3. d4 cxd4 4. Nxd4 Nf6 5. Bd3 Nc6 6. Nxc6 dxc6 7. O-O e5 8. Nd2 Be6 {LiveBook: 19 Games} 9. b3 {B40: Sicilian: 2...e6, Unusual lines} (9. Qe2 Be7 10. Nc4 Nd7 11. Ne3 b5 12. a4 a6 13. axb5 axb5 14. Rxa8 Qxa8 15. f4 exf4 16. Nf5 Bc5+ {0-1 (63) Kerigan,D (2350)-Kanarek,M (2512) Lisbon 2018}) 9... Qc7 10. Bb2 Bc5 $146 ({Predecessor:} 10... Be7 11. Qe2 O-O 12. Nc4 Nd7 13. a4 Rfd8 14. Rfd1 Bc5 15. Ne3 Nf8 16. Nf5 g6 17. Ne3 Bd4 18. Bxd4 Rxd4 {0-1 (54) Simoli,S (2225)-Sanchez Almeyra,J (2380) Rome 1990}) 11. Nf3 {[%cal Bd2f3,Bf3h4,Bh4f5][%mdl 32] The position is equal.} Bd6 12. h3 h6 13. Nh4 O-O-O 14. Qf3 Nd7 15. Nf5 Bf8 16. Ne3 Bc5 17. a3 (17. Bc4 $14) 17... g5 (17... Bd4 $15 18. Bxd4 exd4) 18. b4 Bd4 $1 {[%cal Rd4b2]} 19. c3 {[%cal Bc2c3,Bc3c4,Bc4c5][%mdl 32]} Bxe3 $1 20. Qxe3 Nb6 21. Rfe1 Na4 22. Bc1 $1 Kb8 23. c4 Rd4 (23... Qd7 $11 24. Bc2 Nb6) 24. c5 $16 Rhd8 25. Bc2 b5 26. Qg3 R4d7 27. Qf3 Bc4 (27... Rg8 $14) 28. Qf6 Rg8 29. Bxa4 (29. Qxh6 $16 {Black must now prevent Bxa4.} Nc3 30. Qh5 (30. Bxg5 Ne2+ 31. Kh2 f5 $16)) 29... Rg6 $1 $14 {[%cal Rg6f6]} 30. Qf5 bxa4 (30... Be6 $11 31. Qf3 bxa4) 31. Bb2 $16 Re6 32. Rad1 $36 {[%mdl 2048] [#] aiming for Bxe5! Black is under strong pressure.} Bd3 33. Bc3 {Rd2 is the strong threat.} Kc8 34. Rd2 {Strongly threatening Red1.} Bc4 35. Red1 Rxd2 36. Rxd2 ({Resist} 36. Bxd2 $6 Qd7 $14) 36... Kb7 37. Qh7 Ka6 (37... Qe7 $16 {is a better defense.} 38. Qg7 Ka6) 38. Qh8 Kb7 39. Rd8 Ka6 40. Qf8 Ba2 41. Rd6 Kb5 42. Bb2 Bb3 43. Kh2 h5 44. Rd8 g4 45. hxg4 (45. Rd2 $18) 45... hxg4 46. Kg3 Bc2 $1 47. Rd6 ({Reject} 47. Kxg4 $6 Bxe4 48. Rd6 Bxg2 $15) ({White should try} 47. f3 $1 $14) 47... Bxe4 $11 48. Rxe6 fxe6 49. Qh6 (49. Qh8 $11) 49... Qd7 50. Bxe5 {[#]} (50. Qe3 $15 Qd5 51. f3 (51. Kxg4 Bxg2 52. Bxe5 Bf1 $11) 51... gxf3 52. gxf3) 50... Qd3+ $1 $17 51. Kh4 Qxa3 52. Qxe6 Qd3 (52... Qxb4 $142 53. Qxg4 Bxg2 54. Qxb4+ Kxb4) 53. Qxg4 a3 54. f3 Bf5 (54... Bd5 $17 {White should prevent ...Qf1.} 55. Kg3 a2) 55. Qg7 $11 Kxb4 56. Qxa7 Be6 57. Qb6+ Qb5 58. g4 Kc4 59. Qxb5+ cxb5 60. c6 b4 {[%mdl 32768] Precision: White = 44%, Black = 47%. . Loss on Time!?} (60... Kd5 $17 61. Bf6 Kxc6) 0-1